'M' in Europe Quiz Stats

Quiz Updated Sep 29, 2016

Also try: 'L' in Europe
Challenge
Share
Tweet
Embed
Score 0/16 Timer 05:00
7 Plays Today
Question Answer % Correct
Pablo Picasso's 'Guernica' is on display in a museum in what Spanish capital?Madrid
93.3%
Which city is the capital of the German state of Bavaria?Munich
89.3%
Chișinău is the capital city of which country?Moldova
86.4%
Which city in northwest England became one of the world's first industrialized cities in the early 19th century?Manchester
86.3%
Which country in the Balkans has a name that means 'Black Mountain'?Montenegro
84%
The Strait of Gibraltar connects which sea to the Atlantic Ocean?Mediterranean Sea
82.3%
Which port is the second largest city in France?Marseille
78.1%
In which country can the Prince's Palace be found?Monaco
75.8%
Question Answer % Correct
Which is the largest of the Spanish-owned Balearic Islands?Majorca
67.3%
Which city in southern Sweden is Sweden's third largest city by population?Malmö
63.5%
Literally translating to 'Mount Charles,' in what district can you find the famous Place du Casino?Monte Carlo
60.9%
Which Alpine mountain also known as Cervin and Cervino stands on the border between Switzerland and Italy?Matterhorn
51.4%
What sixth largest city of Spain in Andalusia lies on the Costa del Sol?Málaga
45.7%
Funchal is the capital city of which Portuguese archipelago that lies in the north Atlantic Ocean?Madeira
42.9%
Which port city in the extreme northwest of Russia is the largest city north of the Arctic Circle?Murmansk
32.4%
Which river in northern France was the site of two eponymous battles during World War I?Marne
32.2%

You're not logged in!

Compare scores with friends on all Sporcle quizzes.
Join for Free
OR
Log In

You Might Also Like...

Show Comments

Extras

Top Quizzes Today


Score Distribution

Your Account Isn't Verified!

In order to create a playlist on Sporcle, you need to verify the email address you used during registration. Go to your Sporcle Settings to finish the process.

Report this User

Report this user for behavior that violates our Community Guidelines.

Details: